| 000 | 00834cam a22002174a 4500 | ||
|---|---|---|---|
| 005 | 20250605164024.0 | ||
| 008 | 250528s ||||||||||||||||||||||||d | ||
| 035 | _a16449 | ||
| 020 | _a9603900559 | ||
| 040 |
_aGR-AtMCL _bgre _dGR-AtMCL _eAACR2 |
||
| 245 | 1 | _aEssay Writing / For Academic Purposes | |
| 250 | _a2nd | ||
| 260 |
_bInterbooks, _c1999 |
||
| 300 | _a200 | ||
| 505 | 0 | _aIntroduction, Sentence Writing, Paragraph Writing, Points to Remember, The Essay, Note Taking, Summaries, Reports, Appendix/ The Research Paper, Glossary, Bibliography. | |
| 520 | _aIntroduction, Sentence Writing, Paragraph Writing, Points to Remember, The Essay, Note Taking, Summaries, Reports, Appendix/ The Research Paper, Glossary, Bibliography. | ||
| 700 | 1 |
_aSivridou Fotini _92544 |
|
| 942 | _cBK | ||
| 999 |
_c1949 _d1949 |
||